Covid-19 aneb čtyři příležitosti pro fintech a banky
Fintech spoločnosti. Covid-19 ako príležitosť pre fintech. Digitálne nástroje meniace spôsob podnikania bánk. Digitálne banky. Podpora domácností. E-commerce. Insuretech.
Gespeichert in:
| Format: | Buchkapitel |
|---|---|
| Sprache: | Tschechisch |
| Schlagworte: | |
| Tags: |
Keine Tags, Fügen Sie das erste Tag hinzu!
|
MARC
| LEADER | 00000naa a2200000 4500 | ||
|---|---|---|---|
| 001 | 0268561 | ||
| 005 | 20201110092857.1 | ||
| 041 | 0 | |a cze | |
| 044 | |a CZ | ||
| 245 | 1 | 0 | |a Covid-19 aneb čtyři příležitosti pro fintech a banky |
| 520 | |a Fintech spoločnosti. Covid-19 ako príležitosť pre fintech. Digitálne nástroje meniace spôsob podnikania bánk. Digitálne banky. Podpora domácností. E-commerce. Insuretech. | ||
| 610 | 2 | 0 | |a banky |
| 610 | 2 | 0 | |a koronavírus |
| 610 | 2 | 0 | |a podnikanie |
| 610 | 2 | 0 | |a poistenie |
| 610 | 2 | 0 | |a technológie nové |